00561nam a22001937a 450000500170000001000130001702000210003003500130005103700160006404000120008008200130009210000230010524500770012826000610020527000460026630000190031265000200033165000160035120170124110015.0 aA-794207 c35.00a819004771 aA-794207 bCen Lib/Ret aDPLbEN a302bROS aRoss, Asirvatham V aNational integration :cby Asirvatham V. Rossbutmost need of the hour / bHappy Loving Paeceful Book Publishing c1995aNew Delhi  bNew Delhi aC-9/9132 vasant kunj e110070 a74p.c22cm(Hb) aSocial science  aPatriotism